Statistiques concernant Structure cristaline - Quiz

Cliquez ici pour prendre le quiz!

Statistiques générales

  • Ce quiz a été pris 9 fois
    (2 depuis la dernière actualisation)
  • Le résultat moyen est 3 sur 18

Statistiques - réponses

Réponse% Correct
Cubique
100%
Cubique simple
50%
Hexagonal
50%
Orthorhombique
50%
Cubique à faces centrées
0%
Cubique centré
0%
Monoclinique
0%
Monoclinique à base centrée
0%
Monoclinique simple
0%
Orthorhombique à base centrée
0%
Orthorhombique à faces centrées
0%
Orthorhombique centré
0%
Orthorhombique simple
0%
Rhomboédrique
0%
Tétragonal
0%
Tétragonal centré
0%
Tétragonal simple
0%
Triclinique
0%

Distribution des résultats

Percentile par nombre de réponses

% des personnes avec chaque résultat

Votre développement - résultats

Vous n’avez pas pris ce quiz depuis la dernière actualisation